| 000 | 00806nam a22003010a 4500 | ||
|---|---|---|---|
| 001 | UByD000965 | ||
| 003 | AR-LpoUNG | ||
| 005 | 20240903123024.0 | ||
| 008 | 220916s2019||||sp |||||||||||||||||spa d | ||
| 020 | _a9788498956603 | ||
| 040 |
_aAR-LpoUNG _bspa _cAR-LpoUNG _eaacr |
||
| 041 | 1 | _aspa | |
| 044 | _asp | ||
| 082 | 0 | _a891.73 663pro | |
| 110 | 2 | _aMinisterio de Cultura y Deportes de la República de Kazajstán | |
| 245 | 1 | 0 | _aAntología de la prosa moderna en Kazajstán |
| 250 | _a1ra. ed. | ||
| 260 |
_aMadrid : _bVisor, _c2019. |
||
| 300 | _a829 p. | ||
| 650 | 4 | _aLITERATURA | |
| 650 | 4 | _aANTOLOGIAS | |
| 650 | 4 | _aLITERATURA ESLAVA | |
| 650 | 4 | _aLITERATURA ASIATICA | |
| 650 | 4 | _aPROSA | |
| 700 | 1 |
_aCuenca, Luis Alberto de _epról. |
|
| 905 | _a21260 | ||
| 942 |
_cLSALA _2ddc |
||
| 999 |
_c63595 _d63595 |
||